[Event "NED-ch U12 op"]
[Site "Borne"]
[Date "2013.08.10"]
[Round "12"]
[White "Steenman, Tomas"]
[Black "Vitharana, Annelies"]
[Result "1-0"]
[WhiteElo "1292"]
[BlackElo "1213"]
[PlyCount "47"]
[EventDate "2013.08.05"]
[EventType "swiss"]
[EventRounds "13"]
[EventCountry "NED"]
[SourceTitle "EXT 2015"]
[Source "ChessBase"]
[SourceDate "2014.11.20"]
[SourceVersion "1"]
[SourceVersionDate "2014.11.20"]
[SourceQuality "1"]

1. e4 e5 2. Nf3 Nc6 3. Bc4 Bc5 4. b4 Bxb4 5. c3 Be7 6. d4 exd4 7. 0-0 dxc3 8. Nxc3 d6 9. Qb3 Na5 10. Bxf7+ Kf8 11. Qb4 Kxf7 12. Qxa5 Nf6 13. Ng5+ Kg6 14. f4 Qe8 15. f5+ Kh5 16. Ne6 Qf7 17. Nf4+ Kg4 18. h3+ Kh4 19. g3+ Kxg3 20. Nce2+ Kh4 21. Qe1+ Kg5 22. Qg3+ Kh6 23. Ne6+ Kh5 24. Qg5# 1-0

[Event "NED-ch U12 op"]
[Site "Borne"]
[Date "2013.08.09"]
[Round "9"]
[White "Monteny, Pascalle"]
[Black "Steenman, Tomas"]
[Result "0-1"]
[WhiteElo "1072"]
[BlackElo "1292"]
[PlyCount "84"]
[EventDate "2013.08.05"]
[EventType "swiss"]
[EventRounds "13"]
[EventCountry "NED"]
[SourceTitle "EXT 2015"]
[Source "ChessBase"]
[SourceDate "2014.11.20"]
[SourceVersion "1"]
[SourceVersionDate "2014.11.20"]
[SourceQuality "1"]

1. e4 e5 2. Nf3 Nc6 3. d4 exd4 4. Bc4 Nf6 5. 0-0 Be7 6. c3 Nxe4 7. cxd4 0-0 8. d5 Na5 9. b3 Nxc4 10. bxc4 Bf6 11. Nd4 c5 12. dxc6 dxc6 13. Qc2 Qxd4 14. Bd2 Nxd2 15. Nxd2 Be6 16. Rab1 Qc3 17. Qxc3 Bxc3 18. Nf3 b6 19. Rbc1 Bf6 20. Rfd1 Rfd8 21. Re1 Rac8 22. h3 b5 23. cxb5 cxb5 24. Rb1 a6 25. a3 Rc3 26. Re3 Rxe3 27. fxe3 Rd3 28. a4 bxa4 29. Rb4 a3 30. Ne1 Rb3 31. Ra4 h6 32. Nc2 Rb1+ 33. Kh2 a2 34. Rxa6 a1Q 35. Nxa1 Rxa1 36. Rb6 Be5+ 37. g3 Ra2+ 38. Kg1 Bxh3 39. Rb5 Bxg3 40. Rb1 Rg2+ 41. Kf1 Rb2+ 42. Kg1 Rxb1# 0-1

[Event "NED-ch U12 op"]
[Site "Borne"]
[Date "2013.08.06"]
[Round "2"]
[White "Janse, Sebastiaan"]
[Black "Steenman, Tomas"]
[Result "1-0"]
[WhiteElo "1090"]
[BlackElo "1292"]
[PlyCount "91"]
[EventDate "2013.08.05"]
[EventType "swiss"]
[EventRounds "13"]
[EventCountry "NED"]
[SourceTitle "EXT 2015"]
[Source "ChessBase"]
[SourceDate "2014.11.20"]
[SourceVersion "1"]
[SourceVersionDate "2014.11.20"]
[SourceQuality "1"]

1. e4 e5 2. Nf3 Nc6 3. d4 exd4 4. Nxd4 Bc5 5. Be3 Qf6 6. Nb5 Bxe3 7. fxe3 Qh4+ 8. g3 Qxe4 9. Nxc7+ Kd8 10. Nxa8 Qxh1 11. Qd6 Nge7 12. Nc3 Qf3 13. Kd2 Qf6 14. Ne4 Qxb2 15. Bg2 Qxa1 16. Qc7+ Ke8 17. Nd6+ Kf8 18. Bxc6 Nxc6 19. Qxc8+ Ke7 20. Qxh8 Kxd6 21. Qf8+ Ne7 22. Qb8+ Ke6 23. Nc7+ Kf6 24. Ne8+ Kg5 25. Qf4+ Kh5 26. Qh4+ Kg6 27. Qxe7 Qxa2 28. Qd6+ Kg5 29. h4+ Kg4 30. Qf4+ Kh3 31. Nxg7 Qa5+ 32. Ke2 Qb5+ 33. Kf2 Qb2 34. Qf5+ Kh2 35. Nh5 Qb1 36. g4 Qg1+ 37. Ke2 Qg2+ 38. Kd3 d5 39. Qf4+ Kh3 40. g5 a5 41. Qf5+ Kh2 42. Nf6 a4 43. Ng4+ Kg1 44. Nf6 a3 45. Kc3 Qe2 46. Qg4+ 1-0

[Event "NED-ch U12 op"]
[Site "Borne"]
[Date "2013.08.05"]
[Round "1"]
[White "Steenman, Tomas"]
[Black "Dharmoputro, Griffin"]
[Result "1-0"]
[WhiteElo "1292"]
[BlackElo "793"]
[PlyCount "62"]
[EventDate "2013.08.05"]
[EventType "swiss"]
[EventRounds "13"]
[EventCountry "NED"]
[SourceTitle "EXT 2015"]
[Source "ChessBase"]
[SourceDate "2014.11.20"]
[SourceVersion "1"]
[SourceVersionDate "2014.11.20"]
[SourceQuality "1"]

1. e4 e5 2. Nf3 Nc6 3. Bc4 Bc5 4. b4 Bxb4 5. c3 Be7 6. d4 Bd6 7. 0-0 b6 8. Qb3 Qe7 9. Bd5 Bb7 10. Qa4 Nf6 11. Ba3 Nxd5 12. exd5 Na5 13. dxe5 Bxa3 14. Nxa3 0-0 15. c4 d6 16. Rfe1 Rae8 17. Nb5 Qd7 18. Rac1 a6 19. Nc3 Qxa4 20. Nxa4 f6 21. e6 Re7 22. Nb2 Rc8 23. Nd4 g6 24. f4 c6 25. dxc6 Nxc6 26. Nxc6 Bxc6 27. Rcd1 Rd8 28. g4 Bf3 29. Rd5 Bxd5 30. cxd5 f5 31. gxf5 gxf5 1-0

[Event "Maastricht Limburg op-C 6th"]
[Site "Maastricht"]
[Date "2012.05.28"]
[Round "6"]
[White "Dijkhuis, Oele"]
[Black "Steenman, Tomas"]
[Result "1/2-1/2"]
[WhiteElo "988"]
[BlackElo "1208"]
[PlyCount "55"]
[EventDate "2012.05.25"]
[EventType "swiss"]
[EventRounds "7"]
[EventCountry "NED"]
[SourceTitle "EXT 2013"]
[Source "ChessBase"]
[SourceDate "2012.11.22"]
[SourceVersion "1"]
[SourceVersionDate "2012.11.22"]
[SourceQuality "1"]

1. e4 c5 2. Nf3 g6 3. d4 b6 4. Bc4 Bb7 5. Ne5 e6 6. Nc3 Bg7 7. Bf4 a6 8. a4 d6 9. Nf3 cxd4 10. Bg5 f6 11. Nxd4 fxg5 12. Nxe6 Bxc3+ 13. bxc3 Qe7 14. 0-0 Bc8 15. Nd4 Bd7 16. Re1 Nc6 17. Bd5 Rc8 18. Qd2 Nxd4 19. Qxd4 Qe5 20. Qxb6 Ne7 21. Qxa6 Rf8 22. c4 Qd4 23. Rf1 Rxf2 24. Rxf2 Qxa1+ 25. Rf1 Qd4+ 26. Kh1 Qe5 27. Bf7+ Kd8 28. Qb6+ 1/2-1/2